书目信息 |
| 题名: |
混凝土外加剂技术大全
|
|
| 作者: | 施惠生 编著 | |
| 分册: | ||
| 出版信息: | 北京 化学工业出版社 2013.07 |
|
| 页数: | 605页 | |
| 开本: | 26cm | |
| 丛书名: | ||
| 单 册: | ||
| 中图分类: | TU528.042 | |
| 科图分类: | ||
| 主题词: | 混凝土--hun ning tu--助剂 | |
| 电子资源: | ||
| ISBN: | 978-7-122-17373-7 | |
| 000 | 01477nam0 2200277 450 | |
| 001 | 0100006397 | |
| 005 | 20191018161813.54 | |
| 010 | @a978-7-122-17373-7@dCNY138.00 | |
| 100 | @a20130820d2013 em y0chiy50 ea | |
| 101 | 0 | @achi |
| 102 | @aCN@b110000 | |
| 105 | @ay a 000yy | |
| 200 | 1 | @a混凝土外加剂技术大全@Ahun ning tu wai jia ji ji shu da quan@f施惠生[等] 编著@Fshi hui sheng [ den ] bian zhu |
| 210 | @a北京@c化学工业出版社@d2013.07 | |
| 215 | @a605页@d26cm | |
| 304 | @a题名页题: 施惠生, 孙振平, 邓恺, 郭晓潞编著 | |
| 320 | @a有书目 (第600-605页) | |
| 330 | @a本书系统介绍了混凝土外加剂的理论基础和基本原理,在重点介绍混凝土减水剂的同时,对其他混凝土外加剂,包括引气剂、早强剂、速凝剂、缓凝剂、膨胀剂、防水剂、防冻剂、泵送剂、脱模剂、养护剂、水下浇注混凝土抗分散剂等以及混凝土外加剂与水泥、掺合料的适应性及其改善措施也进行了介绍。本书紧密结合我国的一些重点工程,介绍了混凝土外加剂在高强混凝土、自密实混凝土、补偿收缩抗裂混凝土、大体积混凝土以及其他特种混凝土中的应用技术方面的最新发展。书末还给出了各类混凝土外加剂的性能指标、检测方法及混凝土外加剂的应用技术规程。 | |
| 333 | @a本书也可作为从事土木工程设计、研究、施工等各类技术人员的专业技术参考资料,还可供高等学校材料科学与工程专业及土木工程专业作为教学参考书。 | |
| 540 | @a混凝土外加剂技术大全 | |
| 606 | 0 | @a混凝土@Ahun ning tu@x助剂 |
| 690 | @aTU528.042@v4 | |
| 701 | 0 | @a施惠生@Ashi hui sheng@4编著 |
| 801 | @aCN@bDYGS@c20110510 | |
| 901 | @a201300 | |
| 905 | @eS493@dTU528.042@b0919462@f1 | |
| 混凝土外加剂技术大全/施惠生[等] 编著.-北京:化学工业出版社,2013.07 |
| 605页;26cm |
| 使用对象:本书也可作为从事土木工程设计、研究、施工等各类技术人员的专业技术参考资料,还可供高等学校材料科学与工程专业及土木工程专业作为教学参考书。 |
| ISBN 978-7-122-17373-7:CNY138.00 |
| 本书系统介绍了混凝土外加剂的理论基础和基本原理,在重点介绍混凝土减水剂的同时,对其他混凝土外加剂,包括引气剂、早强剂、速凝剂、缓凝剂、膨胀剂、防水剂、防冻剂、泵送剂、脱模剂、养护剂、水下浇注混凝土抗分散剂等以及混凝土外加剂与水泥、掺合料的适应性及其改善措施也进行了介绍。本书紧密结合我国的一些重点工程,介绍了混凝土外加剂在高强混凝土、自密实混凝土、补偿收缩抗裂混凝土、大体积混凝土以及其他特种混凝土中的应用技术方面的最新发展。书末还给出了各类混凝土外加剂的性能指标、检测方法及混凝土外加剂的应用技术规程。 |
| ● |
| 相关链接 |
|
|
|
正题名:混凝土外加剂技术大全
索取号:TU528.042/S493
 
预约/预借
| 序号 | 登录号 | 条形码 | 馆藏地/架位号 | 状态 | 备注 |
| 1 | 0919462 | 209194628 | 建筑库201/201建筑库 8排1列3层/ [索取号:TU528.042/S493] | 在馆 | |
| 2 | 1239831 | 212398314 | 材料与化工学院资料室/ [索取号:TU528.042/S493] | 在馆 |